000 00297nam a22001337a 4500
008 170824b xxu||||| |||| 00| 0 eng d
020 _a9781418080471
041 _aeng
080 _28 ED
_a51
100 _a38
101 _aMAT
245 _aDOSAGE CALCULATIONS
_cPICKAR.G.D
942 _2udc
_cBK
999 _c24803
_d24803